[Event "Masternorm Tournament"]
[Site "SchemingMind.com"]
[Date "2019.03.10"]
[Round "-"]
[White "David Connolly"]
[Black "Geoffrey Rosser"]
[Result "1-0"]
[WhiteCountry "WLS"]
[BlackCountry "ENG"]
[WhiteElo "2030"]
[WhiteRD "91"]
[BlackElo "1851"]
[BlackRD "63"]
[GameID "439201"]

1. d4 Nf6 2. Nf3 d5 3. c4 g6 4. cxd5 Nxd5 5. e4 Nb6 6. a4 Bg7 7. a5 N6d7 8. Nc3 O-O 9. Be3 Nf6 10. h3 a6
11. Bc4 b5 12. axb6 cxb6 13. e5 Ne8 14. O-O Bb7 15. Qe2 e6 16. Rfd1 b5 17. Bb3 Nc6 18. d5 Nxe5 19. Nxe5 Bxe5 20. dxe6 Nd6
21. exf7+ Kg7 22. Bh6+ Kxh6 23. Qxe5 Nxf7 24. Bxf7 Qb6 25. Rd4 Qxd4 26. Qxd4 Rxf7 27. Re1 Raf8 28. Re2 Rf4 29. Qd2
1-0

[Event "Masternorm Tournament"]
[Site "SchemingMind.com"]
[Date "2019.03.10"]
[Round "-"]
[White "Archon"]
[Black "David Connolly"]
[Result "1/2-1/2"]
[WhiteCountry "CAN"]
[BlackCountry "WLS"]
[WhiteElo "1899"]
[WhiteRD "78"]
[BlackElo "2125"]
[BlackRD "80"]
[GameID "439202"]

1. Nf3 Nf6 2. c4 b6 3. g3 Bb7 4. Bg2 e6 5. O-O Be7 6. Nc3 O-O 7. Re1 Ne4 8. Nxe4 Bxe4 9. d3 Bb7 10. e4 c5
11. d4 cxd4 12. Nxd4 Nc6 13. Nb5 d6 14. Bf4 Ne5 15. Qd4 Bf6 16. Qxd6 Nxc4 17. Qxd8 Rfxd8 18. e5 Bxg2 19. Kxg2 Be7 20. Re2 a6
21. Nc3 b5 22. b3 Nb6 23. Ne4 Rac8 24. Rc1 Rxc1 25. Bxc1 Rc8 26. Bb2 Kf8 27. f4 Nd5 28. a3 Rc6 29. Kf3 h5 30. h3 Ke8=
1/2-1/2

[Event "Masternorm Tournament"]
[Site "SchemingMind.com"]
[Date "2019.03.10"]
[Round "-"]
[White "David Connolly"]
[Black "Archon"]
[Result "1-0"]
[WhiteCountry "WLS"]
[BlackCountry "CAN"]
[WhiteElo "2125"]
[WhiteRD "80"]
[BlackElo "1899"]
[BlackRD "78"]
[GameID "439203"]

1. d4 d6 2. Nf3 g6 3. c4 Bg7 4. Nc3 Bg4 5. e3 Nf6 6. Be2 O-O 7. b3 c5 8. Bb2 Nc6 9. O-O Nd7 10. Ne4 cxd4
11. exd4 Qb6 12. Neg5 Bxf3 13. Nxf3 Rac8 14. Re1 Rfe8 15. Qd2 Nf6 16. Bf1 Ng4 17. h3 Nh6 18. d5 Nb8 19. Bd3 Nd7 20. Rad1 Nf6
21. g4 Nd7 22. g5 Nf5 23. Bxf5 gxf5 24. Bxg7 Kxg7 25. Nd4 Kg6 26. Qf4 Ne5 27. Qxf5+ Kg7 28. Re4 Ng6 29. h4 Nf8 30. Rf4
1-0

[Event "Masternorm Tournament"]
[Site "SchemingMind.com"]
[Date "2019.03.10"]
[Round "-"]
[White "Stephen Woodhouse"]
[Black "David Connolly"]
[Result "0-1"]
[WhiteCountry "ENG"]
[BlackCountry "WLS"]
[WhiteElo "1870"]
[WhiteRD "68"]
[BlackElo "2058"]
[BlackRD "115"]
[GameID "439204"]

1. e4 c6 2. d4 d5 3. exd5 cxd5 4. c4 Nf6 5. Nc3 e6 6. Nf3 Bb4 7. Bd3 dxc4 8. Bxc4 O-O 9. O-O b6 10. Bg5 Bb7
11. d5 Bxc3 12. bxc3 Bxd5 13. Bxf6 Qxf6 14. Bxd5 exd5 15. Qxd5 Nc6 16. Nd4 Rac8 17. Nxc6 Qxc6 18. Qxc6 Rxc6 19. Rac1 Rfc8 20. Rfd1 Kf8
21. Rd3 b5 22. a3 a5 23. Kf1 b4 24. axb4 axb4 25. Ke2 bxc3 26. Ke3 Ke7 27. Kd4 Rc4+ 28. Ke3 R4c6 29. Kd4 Rd8+ 30. Ke3 Re6+
0-1

[Event "Masternorm Tournament"]
[Site "SchemingMind.com"]
[Date "2019.03.10"]
[Round "-"]
[White "David Connolly"]
[Black "Stephen Woodhouse"]
[Result "1/2-1/2"]
[WhiteCountry "WLS"]
[BlackCountry "ENG"]
[WhiteElo "2058"]
[WhiteRD "115"]
[BlackElo "1870"]
[BlackRD "68"]
[GameID "439205"]

1. d4 e6 2. e4 d5 3. Nc3 dxe4 4. Nxe4 Nd7 5. g3 Ngf6 6. Nxf6+ Nxf6 7. Bg2 Be7 8. Nf3 O-O 9. O-O c5 10. dxc5 Bxc5
11. Qe2 Qc7 12. Rd1 Bd7 13. Bf4 Qb6 14. Ne5 Rfd8 15. a4 Bc6 16. Nxc6 bxc6 17. c3 Nd5 18. Bg5 Be7 19. Bxe7 Nxe7 20. Rd2 Rxd2
21. Qxd2 Rd8 22. a5 Qc7 23. Qe2 Qd7 24. Bf3=
1/2-1/2

[Event "Masternorm Tournament"]
[Site "SchemingMind.com"]
[Date "2019.03.12"]
[Round "-"]
[White "flyinduck"]
[Black "David Connolly"]
[Result "1-0"]
[WhiteCountry "CAN"]
[BlackCountry "WLS"]
[WhiteElo "2075"]
[WhiteRD "61"]
[BlackElo "2120"]
[BlackRD "74"]
[GameID "439206"]

1. e4 c6 2. Nf3 d5 3. Nc3 Bg4 4. h3 Bxf3 5. Qxf3 e6 6. d3 Nf6 7. Bd2 Qb6 8. g4 d4 9. Nd1 c5 10. Bg2 Nc6
11. O-O Bd6 12. b3 h6 13. Nb2 Qc7 14. a4 Ke7 15. Nc4 Ne5 16. Qe2 Nxc4 17. bxc4 Bf4 18. e5 Qxe5 19. Qxe5 Bxe5 20. f4 Bc7
21. Bxb7 Rab8 22. Rfb1 h5 23. g5 Ne8 24. Bf3 Nd6 25. Rxb8 Bxb8 26. Rb1 f6 27. Kg2 Nf5 28. Rb7+ Kd6 29. Be4 Re8 30. a5 fxg5
31. fxg5 g6 32. Bxf5 gxf5 33. Rh7 Bc7 34. Rxh5 Rg8 35. h4 Bd8 36. Rh7
1-0

[Event "Masternorm Tournament"]
[Site "SchemingMind.com"]
[Date "2019.03.15"]
[Round "-"]
[White "David Connolly"]
[Black "flyinduck"]
[Result "1-0"]
[WhiteCountry "WLS"]
[BlackCountry "CAN"]
[WhiteElo "2061"]
[WhiteRD "92"]
[BlackElo "2049"]
[BlackRD "60"]
[GameID "439207"]

1. d4 d5 2. c4 c6 3. cxd5 cxd5 4. Bf4 Nc6 5. e3 Nf6 6. Nc3 e6 7. Nf3 Bd6 8. Bg3 a6 9. Bd3 O-O 10. Rc1 Qe7
11. Ne5 Bxe5 12. dxe5 Nd7 13. f4 f6 14. exf6 Nxf6 15. O-O e5 16. fxe5 Nxe5 17. Rxf6 Qxf6 18. Nxd5 Qd6 19. Qh5 g6 20. Qxe5 Qxe5
21. Bxe5 Be6 22. Nf6+
1-0

[Event "Masternorm Tournament"]
[Site "SchemingMind.com"]
[Date "2019.03.10"]
[Round "-"]
[White "David Connolly"]
[Black "Aleksandr Frenkel"]
[Result "0-1"]
[WhiteCountry "WLS"]
[BlackCountry "USA"]
[WhiteElo "2030"]
[WhiteRD "91"]
[BlackElo "2155"]
[BlackRD "73"]
[GameID "439208"]

1. d4 Nf6 2. c4 c5 3. d5 b5 4. cxb5 a6 5. b6 d6 6. Nc3 Nbd7 7. e4 g6 8. Nf3 Bg7 9. a4 Qxb6 10. Nd2 Qb4
11. Be2 Rb8 12. O-O O-O 13. Ra3 Qa5 14. Nc4 Qc7 15. a5 Ne8 16. Bf4 Bd4 17. Qd2 e5 18. Bh6 Ng7 19. Na4 Rb4 20. Nab6 Bb7
21. Nxd7 Qxd7 22. Bxg7 Kxg7 23. Rh3 Kg8 24. Qh6 f6 25. Nxd6 Rxb2 26. Bg4 Qg7 27. Be6+ Kh8 28. Qc1 Qe7 29. Nc4 Rb4 30. Qc2 Bc6
31. Rb1 Ba4 32. Qa2 Rfb8 33. Nb6 c4 34. Rc1 Bb5 35. Nc8 Qf8 36. d6 Rxc8 37. Bxc8 Rb2 38. Qa3 Rxf2 39. Kh1 Qxc8 40. d7 Qd8
41. Qg3 Bxd7
0-1

[Event "Masternorm Tournament"]
[Site "SchemingMind.com"]
[Date "2019.03.10"]
[Round "-"]
[White "Aleksandr Frenkel"]
[Black "David Connolly"]
[Result "1-0"]
[WhiteCountry "USA"]
[BlackCountry "WLS"]
[WhiteElo "2143"]
[WhiteRD "72"]
[BlackElo "2058"]
[BlackRD "115"]
[GameID "439209"]

1. e4 e5 2. Nf3 Nc6 3. Bb5 a6 4. Ba4 Nf6 5. O-O Be7 6. Re1 b5 7. Bb3 d6 8. c3 O-O 9. h3 Nb8 10. d4 Nbd7
11. Nbd2 Bb7 12. Bc2 Re8 13. Nf1 Bf8 14. Bg5 h6 15. Bh4 Qc8 16. dxe5 dxe5 17. N3d2 Nh7 18. Ne3 g6 19. Qf3 Be7 20. Bxe7 Rxe7
21. Qg3 Kh8 22. Nb3 Nhf6 23. Na5 Ra7 24. Nd5 Nxd5 25. exd5 Bxd5 26. Rad1 c6 27. Qe3 Qc7 28. Qxh6+ Kg8 29. Nb3 Bxb3 30. Bxb3 Nf8
31. Re4 g5 32. Qxg5+
1-0

[Event "Masternorm Tournament"]
[Site "SchemingMind.com"]
[Date "2019.03.11"]
[Round "-"]
[White "David Connolly"]
[Black "Dicken"]
[Result "1/2-1/2"]
[WhiteCountry "WLS"]
[BlackCountry "GER"]
[WhiteElo "2030"]
[WhiteRD "91"]
[BlackElo "2132"]
[BlackRD "66"]
[GameID "439210"]

1. d4 g6 2. c4 Bg7 3. e4 d6 4. Nc3 e5 5. Nf3 Nc6 6. Bg5 f6 7. Be3 Nh6 8. h3 Nf7 9. c5 dxc5 10. dxe5 Nfxe5
11. Nxe5 fxe5 12. Qxd8+ Nxd8 13. Bxc5 Ne6 14. Be3 c6 15. O-O-O O-O 16. Bc4 Kh8 17. Ne2 b5 18. Bb3 a5 19. Rd6 Nd4 20. Nxd4 exd4
21. Bxd4 Bxd4 22. Rxd4 a4 23. Bd1 Rxf2 24. Rd8+ Kg7 25. Bg4 Rf8 26. Rxf8 Kxf8 27. Bf3 Be6 28. a3 Rd8 29. Rd1=
1/2-1/2

[Event "Masternorm Tournament"]
[Site "SchemingMind.com"]
[Date "2019.03.11"]
[Round "-"]
[White "Dicken"]
[Black "David Connolly"]
[Result "1-0"]
[WhiteCountry "GER"]
[BlackCountry "WLS"]
[WhiteElo "2132"]
[WhiteRD "66"]
[BlackElo "2030"]
[BlackRD "91"]
[GameID "439211"]

1. e4 c6 2. d4 d5 3. e5 c5 4. dxc5 Nc6 5. Nf3 Bg4 6. c3 e6 7. b4 Bxf3 8. Qxf3 Nxe5 9. Bb5+ Nc6 10. O-O Be7
11. Bf4 Bf6 12. Nd2 Ne7 13. Bd6 Nf5 14. Bg3 O-O 15. a4 Nxb4 16. cxb4 Bxa1 17. Rxa1 Qg5 18. Bf4 Qf6 19. Nb3 e5 20. Bd2 Rad8
21. g4 a6 22. Qxf5 Qxf5 23. gxf5 axb5 24. axb5 Ra8 25. Rxa8 Rxa8 26. Na5 Rb8 27. c6 b6 28. Nb7
1-0